000 00279nam a22001217a 4500
008 171020b xxu||||| |||| 00| 0 eng d
041 _aeng
080 _23 ED
_a338
100 _a54
101 _aMEN
245 _aMATERIALS MANAGING THE INCIDENT
_cNOLL.G.G
942 _2udc
_cBK
999 _c35070
_d35070